[Event "Stuttgart-chA int"]
[Site "Ditzingen"]
[Date "2005.05.07"]
[Round "6"]
[White "Lutzei, Sven"]
[Black "Schuster, Gerhard"]
[Result "0-1"]
[WhiteElo "1952"]
[BlackElo "2122"]
[PlyCount "98"]
[EventDate "2005.05.05"]
[EventType "swiss"]
[EventRounds "7"]
[EventCountry "GER"]
[SourceTitle "EXT 2018"]
[Source "ChessBase"]
[SourceDate "2017.10.13"]
[SourceVersion "1"]
[SourceVersionDate "2017.10.13"]
[SourceQuality "1"]

1. d4 Nf6 2. Nf3 b6 3. c3 c5 4. e3 Bb7 5. Bd3 e6 6. Nbd2 Nc6 7. 0-0 d5 8. dxc5 Bxc5 9. Nb3 Be7 10. Nbd4 0-0 11. Nxc6 Bxc6 12. Qc2 Rc8 13. b3 Bd6 14. Ba6 Rc7 15. Nd4 Bb7 16. Bxb7 Rxb7 17. Qe2 Qb8 18. h3 Rc8 19. Bb2 b5 20. Rac1 a6 21. Ba1 Ba3 22. Rc2 Rbc7 23. Qf3 Rc5 24. Ne2 Qe5 25. Ng3 Qg5 26. Rd1 h5 27. c4 h4 28. Bxf6 Qxf6 29. Qxf6 gxf6 30. Nh5 f5 31. Rd4 dxc4 32. bxc4 Rxc4 33. Rcd2 Be7 34. Rd7 Rc1+ 35. Kh2 R8c7 36. R7d3 Kf8 37. g3 R1c2 38. Kg2 Rxd2 39. Rxd2 b4 40. Kf3 a5 41. Ke2 a4 42. Nf4 Bf6 43. Kd1 Bc3 44. Rc2 b3 45. axb3 axb3 46. Rc1 Rd7+ 47. Ke2 Rd2+ 48. Kf3 b2 49. Rb1 e5 0-1

[Event "Stuttgart-chA int"]
[Site "Ditzingen"]
[Date "2005.05.05"]
[Round "2"]
[White "Lutzei, Sven"]
[Black "Schebler, Gerhard"]
[Result "0-1"]
[WhiteElo "1952"]
[BlackElo "2500"]
[PlyCount "58"]
[EventDate "2005.05.05"]
[EventType "swiss"]
[EventRounds "7"]
[EventCountry "GER"]
[SourceTitle "EXT 2018"]
[Source "ChessBase"]
[SourceDate "2017.10.13"]
[SourceVersion "1"]
[SourceVersionDate "2017.10.13"]
[SourceQuality "1"]

1. d4 Nf6 2. Nf3 e6 3. Bg5 h6 4. Bxf6 Qxf6 5. e4 d6 6. Nbd2 Nd7 7. c3 g5 8. h3 Bg7 9. Be2 b6 10. Qa4 0-0 11. 0-0 a6 12. Bb5 Qe7 13. Bc6 b5 14. Qc2 Rb8 15. Rfe1 Rb6 16. Bxd7 Bxd7 17. e5 f5 18. exd6 cxd6 19. Nf1 h5 20. Ne3 Qf6 21. Rad1 Rb7 22. Qb3 Rc7 23. Nf1 g4 24. hxg4 hxg4 25. N3d2 Rf7 26. Ng3 Bf8 27. d5 e5 28. c4 Rh7 29. f4 gxf3 0-1

[Event "Stuttgart-chA"]
[Site "Stuttgart"]
[Date "2004.??.??"]
[Round "?"]
[White "Steinhart, Matthias"]
[Black "Lutzei, Sven"]
[Result "1/2-1/2"]
[WhiteElo "1720"]
[BlackElo "1955"]
[PlyCount "56"]
[EventDate "2004.05.20"]
[EventType "swiss"]
[EventRounds "7"]
[EventCountry "GER"]
[SourceTitle "EXT 2007"]
[Source "ChessBase"]
[SourceDate "2006.11.23"]
[SourceVersion "1"]
[SourceVersionDate "2006.11.23"]
[SourceQuality "1"]

1. e4 e5 2. Nf3 d6 3. d4 exd4 4. Nxd4 Nf6 5. Nc3 Be7 6. Bf4 a6 7. Qd2 0-0 8. 0-0-0 c5 9. Nb3 Be6 10. Bxd6 c4 11. Bxe7 Qxe7 12. Nd4 Nc6 13. Nxc6 bxc6 14. f3 Rab8 15. Nb1 Qb7 16. Qc3 Nd7 17. Nd2 Nb6 18. b3 cxb3 19. axb3 Rfd8 20. Bd3 a5 21. f4 a4 22. f5 Bxf5 23. exf5 Nd5 24. Qb2 Qb4 25. Nb1 Qf4+ 26. Rd2 Nb4 27. Kd1 axb3 28. Qc3 bxc2+ 1/2-1/2

[Event "Stuttgart-chA"]
[Site "Stuttgart"]
[Date "2003.??.??"]
[Round "?"]
[White "Lutzei, Sven"]
[Black "Steves, Dayanand"]
[Result "0-1"]
[WhiteElo "2005"]
[BlackElo "1680"]
[PlyCount "74"]
[EventDate "2003.??.??"]
[EventType "swiss"]
[EventRounds "9"]
[EventCountry "GER"]
[SourceTitle "EXT 2007"]
[Source "ChessBase"]
[SourceDate "2006.11.23"]
[SourceVersion "1"]
[SourceVersionDate "2006.11.23"]
[SourceQuality "1"]

1. d4 e6 2. c3 d5 3. Nf3 f5 4. e3 Nf6 5. Nbd2 c6 6. c4 Bd6 7. Be2 b6 8. 0-0 0-0 9. b3 Bb7 10. Bb2 a5 11. Rc1 Qe7 12. Qc2 Ne4 13. Ne5 Na6 14. Nxe4 fxe4 15. c5 bxc5 16. Bxa6 Bxa6 17. Rfd1 Qg5 18. Nd7 Rf5 19. h3 Rf3 20. dxc5 Bc7 21. Qc3 Rxh3 22. Qxg7+ Qxg7 23. Bxg7 Kxg7 24. gxh3 Be2 25. Rd2 Bf3 26. Kf1 Kf7 27. Ke1 Ke7 28. Nb6 Rg8 29. Rd4 Rg2 30. Ra4 Bh2 31. Rxa5 d4 32. Ra7+ Ke8 33. Rc4 dxe3 34. Ra8+ Kf7 35. fxe3 Bg3+ 36. Kf1 Rh2 37. Ra7+ Kg6 0-1

[Event "Erkel Memorial op"]
[Site "Gyula"]
[Date "2001.11.05"]
[Round "7"]
[White "Lutzei, Sven"]
[Black "Mrzic, Branko"]
[Result "1-0"]
[WhiteElo "2043"]
[BlackElo "2197"]
[PlyCount "61"]
[EventDate "2001.10.30"]
[EventType "swiss"]
[EventRounds "9"]
[EventCountry "HUN"]
[SourceTitle "EXT 2008"]
[Source "ChessBase"]
[SourceDate "2007.11.25"]
[SourceVersion "1"]
[SourceVersionDate "2007.11.25"]
[SourceQuality "1"]

1. d4 Nf6 2. Nf3 e6 3. c3 b6 4. Bg5 Be7 5. Bxf6 Bxf6 6. e4 g6 7. e5 Bg7 8. Bd3 Bb7 9. Nbd2 d5 10. 0-0 0-0 11. Re1 c5 12. Nf1 cxd4 13. cxd4 Qe7 14. Qd2 Nc6 15. a3 Na5 16. Qf4 Rac8 17. Rac1 Nc4 18. Bxc4 Rxc4 19. Ne3 Rxc1 20. Rxc1 h6 21. Ng4 Kh7 22. Nf6+ Kh8 23. Rc3 Rc8 24. Rxc8+ Bxc8 25. h4 h5 26. Ng5 Ba6 27. g4 hxg4 28. Nxg4 Kg8 29. Nf6+ Kh8 30. h5 Bh6 31. Nxf7+ 1-0

[Event "Erkel Memorial op"]
[Site "Gyula"]
[Date "2001.10.31"]
[Round "2"]
[White "Lutzei, Sven"]
[Black "Boros, Denes"]
[Result "0-1"]
[WhiteElo "2043"]
[BlackElo "2234"]
[PlyCount "58"]
[EventDate "2001.10.30"]
[EventType "swiss"]
[EventRounds "9"]
[EventCountry "HUN"]
[SourceTitle "EXT 2008"]
[Source "ChessBase"]
[SourceDate "2007.11.25"]
[SourceVersion "1"]
[SourceVersionDate "2007.11.25"]
[SourceQuality "1"]

1. d4 Nf6 2. Nf3 g6 3. c3 Bg7 4. Bf4 d6 5. Nbd2 0-0 6. e4 Nbd7 7. Bc4 c5 8. 0-0 b6 9. Re1 Bb7 10. e5 dxe5 11. dxe5 Nh5 12. Bg5 h6 13. Bxe7 Qxe7 14. e6 Kh7 15. exd7 Qxd7 16. Ne5 Bxe5 17. Rxe5 Rad8 18. Rxh5 gxh5 19. Qc2+ Kh8 20. Ne4 f5 21. Ng3 h4 22. Nh5 h3 23. Nf4 Qc6 24. Qe2 Rfe8 25. Qh5 Qf6 26. Bf7 Re4 27. Ng6+ Kg7 28. Qf3 Re1+ 29. Rxe1 Bxf3 0-1

[Event "Stuttgart op 6th"]
[Site "Ditzingen"]
[Date "2001.05.27"]
[Round "7"]
[White "Lutzei, Sven"]
[Black "Doll, Michael"]
[Result "0-1"]
[WhiteElo "2058"]
[BlackElo "2155"]
[PlyCount "50"]
[EventDate "2001.05.24"]
[EventType "swiss"]
[EventRounds "7"]
[EventCountry "GER"]
[SourceTitle "CBM 082 Extra"]
[Source "ChessBase"]
[SourceDate "2001.07.03"]
[SourceVersion "1"]
[SourceVersionDate "2001.07.03"]
[SourceQuality "1"]

1. d4 f5 2. Nf3 Nf6 3. c4 g6 4. Nc3 Bg7 5. e3 0-0 6. Bd3 d6 7. 0-0 Nc6 8. Qb3 Kh8 9. d5 Na5 10. Qa4 b6 11. Qc2 Nb7 12. b4 a5 13. Nd4 axb4 14. Nc6 Qd7 15. Nxb4 Nc5 16. Bb2 Bb7 17. e4 Nxd3 18. Qxd3 Nxe4 19. Nxe4 Bxb2 20. Ng5 Bxa1 21. Rxa1 Qa4 22. Re1 Qxb4 23. Rxe7 Qb2 24. Rxh7+ Kg8 25. h4 Rxa2 0-1